000 00681nam a2200205Ia 4500
001 15870
003 GE_BSU
008 181216s||||||||xx |||||||||||||| ||und||
040 _cGE_BSU
080 _a821.353.1-1
100 _aჭელიძე, ოთარ
245 _aლექსები, ბალადები, პოემები. ტ. 2
245 _cრედ.ც.ქაროსანიძე. მხატვ.გ.ქლიბაძე
260 _aთბილისი
260 _bმერანი
260 _c1976
300 _a251 გვ.20სმ.
653 _aლექსები, ბალადები, პოემები
942 _cBK
999 _c48967
_d48967